| 000 | 00937nas a2200301 4500 | ||
|---|---|---|---|
| 001 | BR0100685 | ||
| 003 | BR-BrBNA | ||
| 005 | 20231205102049.0 | ||
| 007 | ta | ||
| 008 | 230509b bl.|||p| |||| 00| 00por d | ||
| 040 |
_aBR-BrBNA _bpor _cBiblioteca Nacional de Agricultura |
||
| 041 | _a(Pt) | ||
| 072 | _aF04 | ||
| 100 | 1 | _aCarneiro, M.S. de S. | |
| 100 | 1 | _aRodrigues, T. de J.D. | |
| 100 | 1 | _aRodrigues, L.R. de A. | |
| 100 | 1 | _aMalheiros, E.B. | |
| 100 | 1 | _aVantini, P.P. | |
| 245 | 1 | _aAdubacao organica ou mineral e frequencia de corte sobre a producao de fitomassa de Andropogon gayanus | |
| 650 | _aCapim Andropogon | ||
| 650 | _aAdubacao | ||
| 650 | _aEsterco de Gado | ||
| 650 | _aCorte | ||
| 650 | _aEpoca de Corte | ||
| 773 | 0 |
_tRevista Cientifica de Producao Animal (Brazil) _xISSN 1415-563X _g(Jan-Jun 2000), v. 2(1) p. 1-11 _wBR0100685 |
|
| 909 |
_a202311 _bLúcia _c55 _dLúcia Elande |
||
| 942 |
_2AGRIS _n0 _cANA |
||
| 999 |
_c165543 _d165543 |
||